Design of concrete structures (Record no. 3628)

000 -LEADER
fixed length control field 00663nam a2200229 a 4500
001 - CONTROL NUMBER
control field 3628
003 - CONTROL NUMBER IDENTIFIER
control field BD-DhUET
008 - FIXED-LENGTH DATA ELEMENTS--GENERAL INFORMATION
fixed length control field 850621s1985 enka b 101 0 eng
020 ## - INTERNATIONAL STANDARD BOOK NUMBER
International Standard Book Number 007Y665486
040 ## - CATALOGING SOURCE
Original cataloging agency DLC
Transcribing agency DLC
Modifying agency BD-DhUET
082 00 - DEWEY DECIMAL CLASSIFICATION NUMBER
Classification number 624.183
Item number NIL/1986
100 ## - MAIN ENTRY--PERSONAL NAME
Personal name Nilson, Arthur H.
245 00 - TITLE STATEMENT
Title Design of concrete structures
Statement of responsibility, etc. by Arthur H. Nilson and George Winter
250 ## - EDITION STATEMENT
Edition statement 10th ed.
260 ## - PUBLICATION, DISTRIBUTION, ETC. (IMPRINT)
Place of publication, distribution, etc. New York:
Name of publisher, distributor, etc. McGraw Hill Book Company,
Date of publication, distribution, etc. 1986.
300 ## - PHYSICAL DESCRIPTION
Extent xi, 380 p. :
Other physical details ill. ;
Dimensions 23 cm.
490 ## - SERIES STATEMENT
Series statement Civil engineering series
504 ## - BIBLIOGRAPHY, ETC. NOTE
Bibliography, etc Includes bibliographies
650 #0 - SUBJECT ADDED ENTRY--TOPICAL TERM
Topical term or geographic name as entry element Reinforced concrete
700 ## - ADDED ENTRY--PERSONAL NAME
Personal name Winter, George
942 ## - ADDED ENTRY ELEMENTS (KOHA)
Koha item type General Book
Holdings
Damaged status Koha full call number Lost status Source of classification or shelving scheme Piece designation (barcode) Koha date last borrowed Koha normalized classification for sorting Shelving location Not for loan Koha renewals Withdrawn status Sublocation or collection (holding branch) Koha out on loan Koha date last seen Koha issues (times borrowed) Date acquired Koha item type Copy number Price effective from Location (home branch)
 624.183/NIL/1986  778732026-02-23624_000000000000000_183NIL1986Circulation section 1 Central Library, BUET2027-02-232026-02-2362014-11-02General Book12014-11-02Central Library, BUET
 624.183 NIL/1986  77816 624_183000000000000_NIL_1986Rental section   Central Library, BUET 2024-12-04 1990-10-23Rental Item১০/ক-১2024-12-04Central Library, BUET
 624.183 NIL/1986  77817 624_183000000000000_NIL_1986Rental section   Central Library, BUET 2024-12-04 1990-10-23Rental Item১০/ক-২2024-12-04Central Library, BUET
 624.183 NIL/1986  77818 624_183000000000000_NIL_1986Rental section   Central Library, BUET 2024-12-04 1990-10-23Rental Item১০/ক-৩2024-12-04Central Library, BUET
 624.183 NIL/1986  77819 624_183000000000000_NIL_1986Rental section   Central Library, BUET 2024-12-04 1990-10-23Rental Item১০/ক-৪2024-12-04Central Library, BUET
 624.183 NIL/1986  77820 624_183000000000000_NIL_1986Rental section   Central Library, BUET 2024-12-04 1990-10-23Rental Item১০/ক-৫2024-12-04Central Library, BUET
 624.183 NIL/1986  77821 624_183000000000000_NIL_1986Rental section   Central Library, BUET 2024-12-04 1990-10-23Rental Item১০/ক-৬2024-12-04Central Library, BUET
 624.183 NIL/1986  77822 624_183000000000000_NIL_1986Rental section   Central Library, BUET 2024-12-04 1990-10-23Rental Item১০/ক-৭2024-12-04Central Library, BUET
 624.183 NIL/1986  77823 624_183000000000000_NIL_1986Rental section   Central Library, BUET 2024-12-04 1990-10-23Rental Item১০/ক-৮2024-12-04Central Library, BUET
 624.183 NIL/1986  77824 624_183000000000000_NIL_1986Rental section   Central Library, BUET 2024-12-04 1990-10-23Rental Item১০/ক-৯2024-12-04Central Library, BUET
 624.183 NIL/1986  77825 624_183000000000000_NIL_1986Rental section   Central Library, BUET 2024-12-04 1990-10-23Rental Item১০/ক-১০2024-12-04Central Library, BUET
 624.183 NIL/1986  77826 624_183000000000000_NIL_1986Rental section   Central Library, BUET 2024-12-04 1990-10-23Rental Item১০/ক-১১2024-12-04Central Library, BUET
 624.183 NIL/1986  77827 624_183000000000000_NIL_1986Rental section   Central Library, BUET 2024-12-04 1990-10-23Rental Item১০/ক-১২2024-12-04Central Library, BUET
 624.183 NIL/1986  77828 624_183000000000000_NIL_1986Rental section   Central Library, BUET 2024-12-04 1990-10-23Rental Item১০/ক-১৩2024-12-04Central Library, BUET
 624.183 NIL/1986  77829 624_183000000000000_NIL_1986Rental section   Central Library, BUET 2024-12-04 1990-10-23Rental Item১০/ক-১৪2024-12-04Central Library, BUET
 624.183 NIL/1986  77830 624_183000000000000_NIL_1986Rental section   Central Library, BUET 2024-12-04 1990-10-23Rental Item১০/ক-১৫2024-12-04Central Library, BUET
 624.183 NIL/1986  77831 624_183000000000000_NIL_1986Rental section   Central Library, BUET 2024-12-04 1990-10-23Rental Item১০/ক-১৬2024-12-04Central Library, BUET
 624.183 NIL/1986  77832 624_183000000000000_NIL_1986Rental section   Central Library, BUET 2024-12-04 1990-10-23Rental Item১০/ক-১৭2024-12-04Central Library, BUET
 624.183 NIL/1986  77833 624_183000000000000_NIL_1986Rental section   Central Library, BUET 2024-12-04 1990-10-23Rental Item১০/ক-১৮2024-12-04Central Library, BUET
 624.183 NIL/1986  77834 624_183000000000000_NIL_1986Rental section   Central Library, BUET 2024-12-04 1990-10-23Rental Item১০/ক-১৯2024-12-04Central Library, BUET
 624.183 NIL/1986  77835 624_183000000000000_NIL_1986Rental section   Central Library, BUET 2024-12-04 1990-10-23Rental Item১০/ক-২০2024-12-04Central Library, BUET